Introduction to online learning : (Record no. 133259)
[ view plain ]
| 000 -LEADER | |
|---|---|
| fixed length control field | 00921cam a2200253 a 4500 |
| 001 - CONTROL NUMBER | |
| control field | vtls003212137 |
| 003 - CONTROL NUMBER IDENTIFIER | |
| control field | MY-SjTCS |
| 005 - DATE AND TIME OF LATEST TRANSACTION | |
| control field | 20200226114503.0 |
| 008 - FIXED-LENGTH DATA ELEMENTS--GENERAL INFORMATION | |
| fixed length control field | 110218s2010 caua b 001 0 eng |
| 020 ## - INTERNATIONAL STANDARD BOOK NUMBER | |
| International Standard Book Number | 9781412978224 (pbk.) |
| 020 ## - INTERNATIONAL STANDARD BOOK NUMBER | |
| International Standard Book Number | 141297822X (pbk.) |
| 039 #9 - LEVEL OF BIBLIOGRAPHIC CONTROL AND CODING DETAIL [OBSOLETE] | |
| Level of rules in bibliographic description | 201302261058 |
| Level of effort used to assign nonsubject heading access points | VLOAD |
| Level of effort used to assign subject headings | 201102181811 |
| Level of effort used to assign classification | VLOAD |
| Level of effort used to assign subject headings | 201101221124 |
| Level of effort used to assign classification | shuhada |
| Level of effort used to assign subject headings | 201101131233 |
| Level of effort used to assign classification | shuhada |
| -- | 201011021436 |
| -- | malathy |
| 043 ## - GEOGRAPHIC AREA CODE | |
| Geographic area code | n-us--- |
| 082 00 - DEWEY DECIMAL CLASSIFICATION NUMBER | |
| Classification number | 371.358 |
| Item number | GLO 2010 |
| 100 1# - MAIN ENTRY--PERSONAL NAME | |
| Personal name | Globokar, Julie L. |
| 9 (RLIN) | 48153 |
| 245 10 - TITLE STATEMENT | |
| Title | Introduction to online learning : |
| Remainder of title | a guide for students / |
| Statement of responsibility, etc. | Julie L. Globokar. |
| 260 ## - PUBLICATION, DISTRIBUTION, ETC. | |
| Place of publication, distribution, etc. | Los Angeles : |
| Name of publisher, distributor, etc. | SAGE, |
| Date of publication, distribution, etc. | c2010. |
| 300 ## - PHYSICAL DESCRIPTION | |
| Extent | xii, 123 p. : |
| Other physical details | ill. ; |
| Dimensions | 23 cm. |
| 504 ## - BIBLIOGRAPHY, ETC. NOTE | |
| Bibliography, etc. note | Includes bibliographical references and index. |
| 650 #0 - SUBJECT ADDED ENTRY--TOPICAL TERM | |
| Topical term or geographic name entry element | Distance education |
| Geographic subdivision | United States. |
| 9 (RLIN) | 27197 |
| 650 #0 - SUBJECT ADDED ENTRY--TOPICAL TERM | |
| Topical term or geographic name entry element | Educational technology |
| Geographic subdivision | United States. |
| 9 (RLIN) | 10962 |
| 650 #0 - SUBJECT ADDED ENTRY--TOPICAL TERM | |
| Topical term or geographic name entry element | Web-based instruction. |
| 920 ## - Programme | |
| Programme | GENLS : 154130 |
| Withdrawn status | Lost status | Source of classification or shelving scheme | Damaged status | Not for loan | Home library | Current library | Date acquired | Cost, normal purchase price | Total Checkouts | Total Renewals | Barcode | Date last seen | Date last checked out | Copy number | Cost, replacement price | Koha item type | Public note |
|---|---|---|---|---|---|---|---|---|---|---|---|---|---|---|---|---|---|
| Dewey Decimal Classification | Taylor's Library-TU | Taylor's Library-TU | 09/12/2010 | 77.78 | 4 | 7 | 5000106312 | 12/04/2022 | 23/01/2017 | 1 | 77.78 | Main Collection | GENLS,GENLS,03,GR |